00402nam a2200085Ia 4500008004100000245009700041260000900138300012100147650004800268180130s9999 xx 000 0 und d cNoone, Stephen J.aSupporting care staff using mindfulness - and acceptance-based approaches c2013 aBook title: Psychological therapies for adults with intellectual disabilities--Acession number C20702; pages 207-222 aPEOPLE WITH MENTAL DISABILITIES--PSYCHOLOGY